GETS Theological Seminary Library

Smith's Bible Dictionary (Record no. 825)

MARC details
000 -LEADER
fixed length control field 00575nam a2200205Ia 4500
008 - FIXED-LENGTH DATA ELEMENTS--GENERAL INFORMATION
fixed length control field 200731s9999 xx 000 0 und d
020 ## - INTERNATIONAL STANDARD BOOK NUMBER
International Standard Book Number 0840730853
020 ## - INTERNATIONAL STANDARD BOOK NUMBER
International Standard Book Number 9780840730855
041 ## - LANGUAGE CODE
Language code of text/sound track or separate title eng
050 ## - LIBRARY OF CONGRESS CALL NUMBER
Classification number BS440
Item number .S6 1986
100 ## - MAIN ENTRY--PERSONAL NAME
Personal name William Smith, Sir
245 ## - TITLE STATEMENT
Title Smith's Bible Dictionary
Remainder of title /
Statement of responsibility, etc. William Smith, Sir; F. N. Peloubet; Mat Peloubet
260 ## - PUBLICATION, DISTRIBUTION, ETC.
Place of publication, distribution, etc. Nashville :
Name of publisher, distributor, etc. T. Nelson,
Date of publication, distribution, etc. 1986
300 ## - PHYSICAL DESCRIPTION
Extent 770 p. :
Other physical details ill. ;
Dimensions 21 cm.
650 ## - SUBJECT ADDED ENTRY--TOPICAL TERM
Topical term or geographic name entry element Bible -- Dictionaries.
650 ## - SUBJECT ADDED ENTRY--TOPICAL TERM
Topical term or geographic name entry element Bible.
700 ## - ADDED ENTRY--PERSONAL NAME
Personal name Peloubet, F. N.
700 ## - ADDED ENTRY--PERSONAL NAME
Personal name Peloubet, Mat
Holdings
Withdrawn status Lost status Damaged status Not for loan Home library Current library Shelving location Date acquired Total Checkouts Full call number Barcode Date last seen Price effective from Koha item type
        GETS Theological Seminary Library GETS Theological Seminary Library General Stacks 07/12/2020   BS440 .S6 1986 00000779 07/12/2020 07/12/2020 English Books
OpacCredits

Contact the Librarian, GETS Library
Email: library@mygets.org









Implemented by GETS Library
(Powered by ETCA Professional Group)
GETS Theological Seminary
412 E. Rowland Street, CA 91723